Social and geographical aspects of human settlements / (Record no. 60157)
[ view plain ]
| 000 -LEADER | |
|---|---|
| fixed length control field | 00804nam a2200241 a 4500 |
| 001 - CONTROL NUMBER | |
| control field | 60157 |
| 003 - CONTROL NUMBER IDENTIFIER | |
| rucl marc code | BD-RjUL |
| 005 - DATE AND TIME OF LATEST TRANSACTION | |
| control field | 20211209080817.0 |
| 008 - FIXED-LENGTH DATA ELEMENTS--GENERAL INFORMATION | |
| fixed length control field | 161228s1979 ii a b 001 0 eng d |
| 035 ## - SYSTEM CONTROL NUMBER | |
| System control number | (BD-RjUL) 60281 |
| 040 ## - CATALOGING SOURCE | |
| Original cataloging agency | DLC |
| Transcribing agency | DLC |
| Modifying agency | EQO |
| -- | BD-RjUL |
| Language of cataloging | eng |
| 041 ## - LANGUAGE CODE | |
| Language code of text/sound track or separate title | eng |
| 082 ## - DEWEY DECIMAL CLASSIFICATION NUMBER | |
| Classification number | 307.09542 |
| Edition number | 23 |
| Author mark and year | AHS 1979 |
| 100 0# - MAIN ENTRY--PERSONAL NAME | |
| Personal name | Ahmad, Enayat |
| 9 (RLIN) | 179085 |
| 245 10 - TITLE STATEMENT | |
| Title | Social and geographical aspects of human settlements / |
| Statement of responsibility, etc. | Enayat Ahmad |
| 260 ## - PUBLICATION, DISTRIBUTION, ETC. (IMPRINT) | |
| Place of publication, distribution, etc. | New Delhi ; |
| Name of publisher, distributor, etc. | Classical Publications : |
| -- | Classical Publishers and Distributors, |
| Date of publication, distribution, etc. | 1979 |
| 300 ## - PHYSICAL DESCRIPTION | |
| Pagination | xvi, 298 p. : |
| Illustrations | ill. ; |
| Size | 22 cm |
| 500 ## - GENERAL NOTE | |
| General note | Includes index |
| 504 ## - BIBLIOGRAPHY, ETC. NOTE | |
| Bibliography, etc | Bibliography: p. [285]-292 |
| 650 #0 - SUBJECT ADDED ENTRY--TOPICAL TERM | |
| Topical term or geographic name as entry element | Human geography |
| Geographic subdivision | India |
| -- | Uttar Pradesh |
| 9 (RLIN) | 179086 |
| Topical term or geographic name as entry element | Social settlements |
| Geographic subdivision | India |
| -- | Uttar Pradesh |
| 9 (RLIN) | 179087 |
| 942 ## - ADDED ENTRY ELEMENTS (KOHA) | |
| Source of classification or shelving scheme | Dewey Decimal Classification |
| Koha item type | Books |
| Lost status | Source of classification or shelving scheme | Damaged status | Not for loan | Collection code | Permanent Location | Current Location | Shelving location | Date acquired | Source of acquisition | Cost, normal purchase price | Total Checkouts | Full call number | Date last seen | Copy number | Koha item type |
|---|---|---|---|---|---|---|---|---|---|---|---|---|---|---|---|
| Dewey Decimal Classification | Not For Loan | Non-fiction | Central Library, University of Rajshahi | Central Library, University of Rajshahi | Reading Room | 28/07/1986 | Karim Int. | 80.00 | 307.09542 AHS 1979 | 28/12/2016 | C-1 | Books |